00000000nam##2200000za#4500
0019.534751
003CaOODSP
00520210615083634
007ta
008150406|1998||||xxc|||||     f|0| 0 fre|d
040 |aCaOODSP|bfre
041 |aeng
041 |afre
043 |an-cn---
0861 |aNH14-1/0392
1102 |aSociété canadienne d'hypothèques et de logement.
24510|aProjet d'autorisation instantanée pour les transformations résidentielles mineurs / |cPar André Fortin, préparé par Julie Tasker-Brown.
260 |aOttawa - Ontario : |bSociété canadienne d'hypothèques et de logement |c1998.
300 |aTexte français, i, 15p. : |bill. ; |c28 cm.
4901 |aAbordabilité et choix toujours (ACT) projet de réforme de la réglementation|v0392
546 |aBilingue
563 |aCouverture souple
590 |a01-05|b2001-02-02
69107|aLogement|2gcpds
69107|aPermis|2gcpds
69107|aRénovation domiciliaire|2gcpds
7201 |aTasker-Brown, Julie
7201 |aFortin, André
7760#|tOne-stop approval for minor residential renovations / |w(CaOODSP)9.588089
791 |tOne-stop approval for minor residential renovations / |eeng|w(CaOODSP)9.534750
830#0|aAbordabilité et choix toujours (ACT) projet de réforme de la réglementation ;|v0392|w(CaOODSP)9.509541
986 |aPB 0392